NBA Players from Florida - Statistics

General Stats
  • This quiz has been taken 22 times
    4 since last reset
  • The average score is 7 of 40
Answer Stats
Position Player Draft Year % Correct
FC Al Horford 2007
75%
GF Corey Brewer 2007
75%
FC Joakim Noah 2007
75%
SF Keyontae Johnson 2023
75%
SG Bradley Beal 2012
50%
PG Chris Chiozza 2018
50%
F Chris Richard 2007
50%
PG Will Richard 2025
50%
SF Chandler Parsons 2011
25%
SF Dorian Finney-Smith 2016
25%
G Jason Williams 1998
25%
GF Mike Miller 2000
25%
FC Udonis Haslem 2002
25%
PG Walter Clayton Jr. 2025
25%
F Alex Fudge 2023
0%
SG Alijah Martin 2025
0%
C Andrew DeClercq 1995
0%
SG Anthony Roberson 2005
0%
G Clifford Lett 1989
0%
FC Colin Castleton 2023
0%
FC David Lee 2005
0%
F Devin Robinson 2017
0%
F Donnell Harvey 2000
0%
C Dwayne Schintzius 1990
0%
FC Erik Murphy 2013
0%
SF James White 2006
0%
FC Jim Grandholm 1984
0%
C Marreese Speights 2008
0%
FC Matt Bonner 2003
0%
GF Matt Walsh 2005
0%
G Michael Frazier II 2015
0%
C Neal Walk 1969
0%
PG Nick Calathes 2009
0%
G Orien Greene 2005
0%
SG Scottie Lewis 2021
0%
PG Taurean Green 2007
0%
PG Tre Mann 2021
0%
F Vernon Macklin 2011
0%
G Vernon Maxwell 1988
0%
PG Zyron Pullin 2024
0%
No matching quizzes found
Score Distribution
Percent of People with Each Score
Percentile by Number Answered
Your Score History
You have not taken this quiz since the last reset